000 01424nam0a2200373 4500
001 RU\NLR\bibl\1212336
005 20250615105005.0
010 _a978-5-8071-0254-6
_93000
021 _aRU
_b2008-11374
_9627
021 _aRU
_b2008-11465
_9631
035 _a(NLR Aleph) 001198748
090 _a1763482
_c1763482
100 _a20080409d2008 |||y0rusy50 ca
101 1 _arus
_ceng
102 _aRU
105 _aa |||||||||
200 1 _aТайны сокровищ тамплиеров и Святого Грааля
_eсекреты Ренн-ле-Шато
_fЛ. Фанторп, П. Фанторп
_g[пер. с англ. Н.А. Кириленко]
210 _aСанкт-Петербург
_cЕвразия
_d2008
215 _a367 с.
_cил.
_d21
225 1 _aИсторическая библиотека
320 _aБиблиогр.: с. 359-365
605 _aГрааль, чаша
_9910671
_3RU\NLR\auth\66332490
606 0 _aТамплиеры
_92074683
_3RU\NLR\auth\661249694
606 1 _aКлады
_yФранция
_92135215
_3RU\NLR\auth\661287627
686 _aЭ375-39(4Фр)-647.3
686 _aТ3(4Фр)0,02
700 1 _aФанторп
_bЛ.
_gЛайонел
_4070
701 1 _aФантроп
_bП.
_gПатрисия
_4070
801 0 _aRU
_bNLR
_c20080409
_gRCR
801 1 _aRU
_bNLR
_c20080409
942 _cBOOK
980 _aNB